000 00638nam a2200253Ia 4500
001 UByD000276
003 AR-LpoUNG
005 20220403230855.0
008 220403s2016||||ag |||||||||||||| ||spa|d
020 _a9789870811299
040 _aAR-LpoUNG
_bspa
_cAR-LpoUNG
_eaacr
082 0 _aA861 543bab
100 1 _aAndino, Roberto
245 1 0 _aBabel y algunas flores silvestres
250 _a1ra. ed.
260 _aBuenos Aires :
_bDe los Cuatro Vientos,
_c2016.
300 _a64 p.
650 4 _aARGENTINA
650 4 _aLITERATURA
650 4 _aPOESIA
653 4 _aAUTORES LOCALES
905 _aCJPM489
942 _cLIB
_2ddc
999 _c62999
_d62999